Intersections of religion and migration : issues at the global crossroads
Saved in:
| Other Authors: | , , |
|---|---|
| Format: | Book |
| Language: | English |
| Published: |
[χ.τ.] :
Palgrave Macmillan,
2016.
|
| Series: | Religion and global migrations
|
| Subjects: | |
| Tags: |
Add Tag
No Tags, Be the first to tag this record!
|
MARC
| LEADER | 00000cam a2200000 a 4500 | ||
|---|---|---|---|
| 001 | 1/116172 | ||
| 008 | 180320s2016####xx | ||| |||| ||eng|| | ||
| 020 | |a 9781137586285 | ||
| 040 | |a GR-MyUa |b gre |c GR-MyUa |e AACR2 | ||
| 041 | 0 | |a eng | |
| 082 | 7 | |a 325 |2 (23) | |
| 245 | 0 | 0 | |a Intersections of religion and migration : |b issues at the global crossroads / |c Jennifer B. Saunders, Elena Fiddian-Qasmiyeh, Susanna Snyder, editors. |
| 260 | |a [χ.τ.] : |b Palgrave Macmillan, |c 2016. | ||
| 300 | |a xxii, 360 σ. ; |c 22 εκ. | ||
| 490 | 1 | |a (Religion and global migrations) | |
| 504 | |a Περιλαμβάνει βιβλιογραφία και ευρετήριο. | ||
| 505 | 8 | |a Foreword to Intersections of Religion and Migration / Josh DeWind -- Introduction: Articulating intersections at the global crossroads of religion and migration / Jennifer B. Saunders, Susanna Snyder, and Elena Fiddian-Qasmiyeh -- Religion as psychological, spiritual, and social support in the migration undertaking / Holly Straut Eppsteiner and Jacqueline Hagan -- Living religious practices / Kim Knott -- The challenges of migration and the construction of religious identities: the case of Muslims in America / Zayn Kassam -- Racialization of religion and global migration / Khyati Y. Joshi -- Embodied (dis)placements: the intersections of gender, sexuality, and religion in migration studies / Hugo Córdova Quero -- Home and away: exile and diaspora as religious concepts / Ellen Posman -- Exploring the contours of transnational religious spaces and networks / Stephen M. Cherry -- Migration: a theological vision / Daniel G. Groody -- The moral relevance of borders: transcendence and the ethics of migration / Benjamin Schewel -- Taking responsibility: sociodicy, solidarity, and religious-sensitive policymaking in the global politics of migration / Erin K. Wilson and Luca Mavelli -- Religion, forced migration, and humanitarian response / Alastair Ager and Joey Ager. | |
| 650 | 0 | |a Emigration and immigration |x Religious aspects. | |
| 650 | 0 | |a Immigrants |x Religious life. | |
| 700 | 1 | |a Saunders, Jennifer B. |q (Jennifer Beth) |e edtf | |
| 700 | 1 | |a Snyder, Susanna, |d 1978- |e edtf | |
| 700 | 1 | |a Fiddian-Qasmiyeh, Elena, |d 1978- |e edtf | |
| 830 | 0 | |a Religion and global migrations | |
| 852 | |a INST |b LESVOS |e 20180320 |h 325 INT |p 005100060113 |q 005100060113 |t BK |y 0 | ||
| 970 | |a Τζαφέρη |b Ευαγγελία |z 20-03-2018 | ||